000 00698nam a2200205 a 4500
005 20240924064257.0
008 991125s1941 mx 000 0 spa u
035 _aUPN01000041930
049 _aCG
050 4 _aLB1025
_bG3.5
100 1 _aGámiz Olivas, Abel
245 1 4 _aLas nuevas corrientes en el campo de la pedagogía y sus consecuencias en la dinámica de la enseñanza /
_cAbel Gámiz.
260 _aMéxico :
_bMagisterio,
_c1941.
300 _a77 p.
440 0 _aPequeña biblioteca de cooperación didáctica ;
_v1
500 _aDisponible en la Colección Medina
650 4 _aEDUCACION -
_xFUNDAMENTOS
_916226
650 4 _aEducación
_vPlanes y programas
_96413
905 _aLibro
999 _c41930
_d41930